| 000 | 00666nam a2200193Ia 4500 | ||
|---|---|---|---|
| 008 | 151119s9999||||xx |||||||||||||| ||und|| | ||
| 082 | _a925 | ||
| 082 | _bGKKV7679 | ||
| 100 | _aकेळकर व्दा भा | ||
| 245 | _aअर्वाचीन भारतीय शास्त्रज्ञ | ||
| 260 | _a-- | ||
| 260 | _b-- | ||
| 260 | _c1970 | ||
| 600 | _aकेळकर व्दा भा | ||
| 630 | _aअर्वाचीन भारतीय शास्त्रज्ञ | ||
| 700 | _aकेळकर व्दा भा | ||
| 730 | _aअर्वाचीन भारतीय शास्त्रज्ञ | ||
| 942 | _cBOOK | ||
| 999 |
_c1062295 _d1062292 |
||